[Event "SVK ECo-C Extraliga 2018-19"]
[Site "Slovakia"]
[Date "2019.04.13"]
[Round "10.6"]
[White "Bures, Jaroslav"]
[Black "Mikrut, Dariusz"]
[Result "1/2-1/2"]
[WhiteElo "2384"]
[BlackElo "2375"]
[Annotator "ChessBase"]
[PlyCount "36"]
[EventDate "2018.11.10"]
[EventType "team-tourn"]
[EventCountry "SVK"]
[SourceTitle "playchess.com"]
[Source "ChessBase"]
[SourceQuality "1"]
[WhiteTeam "Slovan"]
[BlackTeam "Prakovce"]
[TimeControl "40/5400+30:1800+30"]

1. e4 {[%emt 0:00:00]} e5 {[%emt 0:00:06]} 2. Nf3 {[%emt 0:00:00]} Nc6 {[%emt 0:00:13]} 3. Bb5 {[%emt 0:00:00]} a6 {[%emt 0:00:18]} 4. Ba4 {[%emt 0:00:00]} Nf6 {[%emt 0:00:13]} 5. Qe2 {[%emt 0:02:12]} b5 {[%emt 0:01:04]} 6. Bb3 {[%emt 0:00:05]} Be7 {[%emt 0:01:48]} 7. Nc3 {[%emt 0:05:27]} d6 {[%emt 0:00:58]} 8. a4 {[%emt 0:04:57]} Bg4 {[%emt 0:16:24]} 9. axb5 {[%emt 0:01:30]} Nd4 {[%emt 0:01:49]} 10. Qc4 {[%emt 0:10:43]} Be6 {[%emt 0:04:07]} 11. Nd5 {[%emt 0:00:16]} Bxd5 {[%emt 0:03:31]} 12. exd5 {[%emt 0:00:06]} axb5 {[%emt 0:00:59]} 13. Rxa8 {[%emt 0:00:04]} Qxa8 {[%emt 0:02:47]} 14. Qd3 {[%emt 0:01:10]} Nxb3 {[%emt 0:16:38]} 15. Qxb5+ {[%emt 0:00:07]} c6 {[%emt 0:00:04]} 16. Qxb3 {[%emt 0:00:13]} Nxd5 {[%emt 0:01:35]} 17. d3 {[%emt 0:01:34]} O-O {[%emt 0:02:30]} 18. c3 {[%emt 0:00:59]} Qa6 {[%emt 0:03:49]} 1/2-1/2

[Event "SVK ECo-C Extraliga 2018-19"]
[Site "Slovakia"]
[Date "2019.04.13"]
[Round "10.6"]
[White "Maslik, Miroslav"]
[Black "Kopera, Michal"]
[Result "1-0"]
[WhiteElo "2366"]
[BlackElo "2136"]
[Annotator "NA"]
[PlyCount "63"]
[EventDate "2018.11.10"]
[EventType "team-tourn"]
[EventCountry "SVK"]
[SourceTitle "playchess.com"]
[Source "ChessBase"]
[SourceQuality "1"]
[WhiteTeam "Modra"]
[BlackTeam "Zilina"]
[TimeControl "40/5400+30:1800+30"]

1. Nf3 {[%emt 0:00:00]} Nf6 {[%emt 0:00:00]} 2. g3 {[%emt 0:00:00]} d5 {[%emt 0:02:15]} 3. Bg2 {[%emt 0:00:00]} c6 {[%emt 0:00:30]} 4. O-O {[%emt 0:00:00]} Bg4 {[%emt 0:02:31]} 5. c4 {[%emt 0:00:04]} e6 {[%emt 0:04:23]} 6. d3 {[%emt 0:00:39]} Bxf3 {[%emt 0:03:08] A11: English Opening: 1...c6} 7. Bxf3 {[%emt 0:00:02]} Be7 {[%emt 0:01:28]} 8. cxd5 {[%emt 0:03:52]} exd5 {[%emt 0:02:08]} 9. e4 {[%emt 0:02:00]} Nbd7 {[%emt 0:04:49]} 10. Nc3 $146 {[%emt 0:00:55]} ({Predecessor:} 10. Bf4 O-O 11. Nc3 dxe4 12. dxe4 {1-0 (40) Schnitzspan,L (2317)-Reh,S (2019) Germany 2015}) 10... Ne5 {[%emt 0:04:40]} 11. Bg2 {[%emt 0:02:06]} dxe4 {[%emt 0:02:10]} 12. dxe4 {[%emt 0:00:06]} O-O {[%emt 0:02:22]} 13. Qb3 {[%emt 0:04:33]} Qb6 {[%emt 0:03:47]} 14. Qc2 {[%emt 0:02:13]} Rfd8 {[%emt 0:13:14]} 15. Be3 {[%emt 0:04:13]} Qa5 {[%emt 0:03:23]} 16. Rad1 {[%emt 0:11:22]} Rxd1 {[%emt 0:15:51]} 17. Rxd1 {[%emt 0:01:02]} Neg4 {[%emt 0:02:44] [#]} 18. Bd4 $1 {[%emt 0:02:06]} c5 {[%emt 0:04:45]} 19. Bxf6 {[%emt 0:00:55]} Bxf6 {[%emt 0:00:09]} 20. h3 {[%emt 0:01:49]} Ne5 $16 {[%emt 0:01:13]} 21. f4 {[%emt 0:13:24]} Nc4 {[%emt 0:03:36]} 22. Nd5 {[%emt 0:03:37]} Qxa2 {[%emt 0:05:21]} 23. Nxf6+ {[%emt 0:00:25]} gxf6 {[%emt 0:00:02]} 24. Qc3 {[%emt 0:01:07]} Qa6 {[%emt 0:10:36]} 25. b3 {[%emt 0:10:50]} Nd6 {[%emt 0:00:55]} 26. Qxf6 {[%emt 0:05:26]} Ne8 {[%emt 0:00:12]} 27. Qe7 {[%emt 0:06:43]} c4 {[%emt 0:05:02]} 28. bxc4 {[%emt 0:04:34]} Qxc4 {[%emt 0:00:34]} 29. Qg5+ {[%emt 0:00:41]} Kf8 {[%emt 0:00:38]} 30. Rd5 {[%emt 0:01:09]} Qc3 {[%emt 0:01:01]} 31. Rd7 {[%emt 0:01:51]} Rc8 {[%emt 0:00:39]} 32. Qe7+ {[%emt 0:00:11]} 1-0

[Event "SVK ECo-C Extraliga 2018-19"]
[Site "Slovakia"]
[Date "2019.04.13"]
[Round "10.6"]
[White "Jurcik, Martin"]
[Black "Chovan, Milan"]
[Result "1-0"]
[WhiteElo "2335"]
[BlackElo "2328"]
[Annotator "NA"]
[PlyCount "115"]
[EventDate "2018.11.10"]
[EventType "team-tourn"]
[EventCountry "SVK"]
[SourceTitle "playchess.com"]
[Source "ChessBase"]
[SourceQuality "1"]
[WhiteTeam "Dunajov"]
[BlackTeam "Podhajska"]
[TimeControl "40/5400+30:1800+30"]

1. e4 {[%emt 0:00:00]} e5 {[%emt 0:00:00]} 2. Nf3 {[%emt 0:00:44]} Nc6 {[%emt 0:00:00]} 3. d4 {[%emt 0:01:06]} exd4 {[%emt 0:00:09]} 4. Nxd4 {[%emt 0:00:14]} Bc5 {[%emt 0:01:27]} 5. Nb3 {[%emt 0:01:22]} Bb6 {[%emt 0:00:15]} 6. Nc3 {[%emt 0:01:18]} Nf6 {[%emt 0:00:23]} 7. Bg5 {[%emt 0:06:00]} h6 {[%emt 0:01:36]} 8. Bh4 {[%emt 0:00:58]} O-O {[%emt 0:00:14] C45: Scotch Game} 9. Qe2 {[%emt 0:03:31]} a5 {[%emt 0:00:50]} 10. a4 {[%emt 0:02:32]} Nd4 {[%emt 0:00:16]} 11. Qd3 {[%emt 0:02:28]} Nxb3 {[%emt 0:00:12]} 12. cxb3 {[%emt 0:00:02]} c6 {[%emt 0:00:16]} 13. O-O-O {[%emt 0:05:08]} d5 {[%emt 0:02:48]} 14. exd5 {[%emt 0:02:58]} cxd5 {[%emt 0:00:08] [#]} 15. Qc2 $146 {[%emt 0:03:14]} d4 {[%emt 0:02:50]} 16. Bc4 {[%emt 0:08:19]} Be6 {[%emt 0:01:46]} 17. Bxe6 {[%emt 0:03:15]} fxe6 {[%emt 0:00:08]} 18. Kb1 {[%emt 0:00:18]} Qc7 {[%emt 0:07:34]} 19. Nb5 {[%emt 0:02:42]} Qxc2+ {[%emt 0:01:57]} 20. Kxc2 {[%emt 0:00:02]} Ng4 {[%emt 0:06:53]} 21. Rhe1 {[%emt 0:01:57]} Nxf2 {[%emt 0:02:12]} 22. Rd2 {[%emt 0:01:54]} d3+ {[%emt 0:13:45]} 23. Kb1 {[%emt 0:02:48]} Rac8 {[%emt 0:08:22]} 24. Rxe6 {[%emt 0:05:32]} Rc6 $14 {[%emt 0:00:25]} 25. Rxc6 {[%emt 0:09:44]} bxc6 {[%emt 0:01:11]} 26. Bxf2 {[%emt 0:00:08]} Bxf2 {[%emt 0:01:06]} 27. Nd6 {[%emt 0:00:58]} Rd8 {[%emt 0:04:50]} 28. Rxf2 {[%emt 0:03:07]} Rxd6 {[%emt 0:00:46]} 29. Kc1 {[%emt 0:00:01]} g5 {[%emt 0:05:50]} 30. Kd2 {[%emt 0:00:50]} Kg7 {[%emt 0:02:27]} 31. Rf5 {[%emt 0:16:17]} Kg6 {[%emt 0:07:23]} 32. Rxa5 {[%emt 0:01:22]} Rf6 {[%emt 0:00:07]} 33. Rc5 {[%emt 0:00:36]} Rf2+ {[%emt 0:00:39]} 34. Kxd3 {[%emt 0:00:06]} Rxb2 {[%emt 0:00:32]} 35. Rxc6+ {[%emt 0:01:19]} Kh5 {[%emt 0:00:30]} 36. Rc2 {[%emt 0:00:23]} Rxb3+ {[%emt 0:00:09]} 37. Kc4 {[%emt 0:00:01]} Ra3 {[%emt 0:02:21]} 38. Kb4 {[%emt 0:00:07]} Ra1 {[%emt 0:00:05]} 39. a5 {[%emt 0:04:49]} Kg6 {[%emt 0:02:04]} 40. Kb5 {[%emt 0:02:02]} Kf7 {[%emt 0:01:09]} 41. Re2 {[%emt 0:37:47]} Rb1+ {[%emt 0:33:36]} 42. Kc6 {[%emt 0:00:09]} Rc1+ {[%emt 0:00:11]} 43. Kb7 {[%emt 0:00:10]} Rb1+ {[%emt 0:00:12]} 44. Ka7 {[%emt 0:00:14]} g4 {[%emt 0:00:39]} 45. a6 {[%emt 0:00:42]} h5 {[%emt 0:00:28]} 46. Ka8 {[%emt 0:00:38]} Rb3 {[%emt 0:01:00]} 47. a7 {[%emt 0:01:43]} Rb5 {[%emt 0:00:40]} 48. g3 {[%emt 0:00:00]} Rb1 {[%emt 0:00:00]} 49. Re5 {[%emt 0:00:00]} Rb2 {[%emt 0:00:00]} 50. Rxh5 {[%emt 0:00:00]} Ke7 {[%emt 0:00:00]} 51. Rh8 {[%emt 0:00:00]} Kd6 {[%emt 0:00:00]} 52. Rb8 {[%emt 0:00:00]} Rxh2 {[%emt 0:00:00]} 53. Kb7 {[%emt 0:00:00]} Rb2+ {[%emt 0:00:00]} 54. Kc8 {[%emt 0:00:00]} Rc2+ {[%emt 0:00:00]} 55. Kd8 {[%emt 0:00:00]} Rh2 {[%emt 0:00:00]} 56. Rb6+ {[%emt 0:00:00]} Kc5 {[%emt 0:00:00]} 57. Rc6+ {[%emt 0:00:00]} Kd5 {[%emt 0:00:00]} 58. Ra6 {[%emt 0:00:00]} 1-0

[Event "SVK ECo-C Extraliga 2018-19"]
[Site "Slovakia"]
[Date "2019.04.13"]
[Round "10.8"]
[White "Kostolansky, Sebastian Lukas"]
[Black "Zambor, Norbert"]
[Result "1/2-1/2"]
[WhiteElo "2323"]
[BlackElo "2292"]
[Annotator "NA"]
[PlyCount "59"]
[EventDate "2018.11.10"]
[EventType "team-tourn"]
[EventCountry "SVK"]
[SourceTitle "playchess.com"]
[Source "ChessBase"]
[SourceQuality "1"]
[WhiteTeam "Slovan"]
[BlackTeam "Prakovce"]

1. e4 c6 2. d4 d5 3. e5 Bf5 4. Be3 e6 5. Nd2 Nd7 6. Nb3 Ne7 7. Nf3 Bg6 8. Nh4 Nf5 9. Nxf5 Bxf5 10. Be2 Be7 11. O-O O-O 12. c3 Rc8 13. f4 c5 14. g4 Be4 15. Bf3 Bxf3 16. Qxf3 cxd4 17. Bxd4 Nc5 18. f5 Nxb3 19. axb3 Bc5 20. Bxc5 Rxc5 21. fxe6 fxe6 22. Qxf8+ Qxf8 23. Rxf8+ Kxf8 24. Rxa7 Rb5 25. b4 d4 26. Kf2 Ke8 27. Kf3 Rxe5 28. cxd4 Rb5 29. Ra4 h5 30. Ke4 1/2-1/2

[Event "SVK ECo-C Extraliga 2018-19"]
[Site "Slovakia"]
[Date "2019.04.14"]
[Round "11.2"]
[White "Neuman, Petr"]
[Black "Martinovic, Sasa"]
[Result "1/2-1/2"]
[WhiteElo "2397"]
[BlackElo "2555"]
[Annotator "TA"]
[PlyCount "66"]
[EventDate "2018.11.10"]
[EventType "team-tourn"]
[EventCountry "SVK"]
[SourceTitle "playchess.com"]
[Source "ChessBase"]
[SourceQuality "1"]
[WhiteTeam "Modra"]
[BlackTeam "Liptovska"]

1. d4 Nf6 2. Bg5 c5 3. Bxf6 exf6 4. c3 d5 5. e3 Nc6 6. Nf3 Qb6 7. Qb3 c4 8. Qxb6 axb6 9. Nbd2 b5 10. e4 dxe4 11. Nxe4 Be6 12. Ned2 Bd6 13. Be2 O-O 14. O-O Rfe8 15. Rfe1 g5 16. h3 Bd5 17. a3 Ne7 18. a4 Ng6 19. g3 h5 20. Nh2 Rxa4 21. Bxh5 Rxe1+ 22. Rxe1 Ne7 23. Ng4 Kg7 24. Ne3 Ra2 25. Rb1 Bc6 26. Bf3 f5 27. g4 fxg4 28. hxg4 Bf4 29. Kg2 f6 30. Ndf1 Kf7 31. b3 Ng6 32. Bd5+ Kf8 33. Kg1 Bxe3 1/2-1/2

[Event "SVK ECo-C Extraliga 2018-19"]
[Site "Slovakia"]
[Date "2019.04.14"]
[Round "11.3"]
[White "Roubalik, Jakub"]
[Black "Mihok, Oliver"]
[Result "1-0"]
[WhiteElo "2417"]
[BlackElo "2548"]
[Annotator "TA"]
[PlyCount "99"]
[EventDate "2018.11.10"]
[EventType "team-tourn"]
[EventCountry "SVK"]
[SourceTitle "playchess.com"]
[Source "ChessBase"]
[SourceQuality "1"]
[WhiteTeam "Dubnica"]
[BlackTeam "Podhajska"]

1. d4 Nf6 2. c4 g6 3. Nc3 Bg7 4. e4 d6 5. Nge2 O-O 6. Ng3 e5 7. d5 a5 8. Be2 Na6 9. h4 h5 10. Bg5 Qe8 11. Qd2 Nc5 12. f3 a4 13. O-O-O Bd7 14. Kb1 Qb8 15. Nf1 Qa7 16. Bxf6 Bxf6 17. g4 hxg4 18. fxg4 a3 19. b3 Qb6 20. Qc2 Kg7 21. Ng3 Rh8 22. g5 Be7 23. Rdf1 Rh7 24. Bd1 Rah8 25. Qf2 Be8 26. Nf5+ gxf5 27. exf5 f6 28. Qg3 Rh5 29. gxf6+ Kxf6 30. Rhg1 Bf8 31. Bxh5 Bxh5 32. Qg5+ Kf7 33. Kc2 Na6 34. Nb5 Nb4+ 35. Kb1 Nxd5 36. Qd8 Nf6 37. Rg6 Bg7 38. Rxg7+ Kxg7 39. Qe7+ Bf7 40. Nxc7 Kg8 41. Ne6 Bxe6 42. fxe6 Rh6 43. Qf7+ Kh8 44. Rxf6 Rxf6 45. Qxf6+ Kh7 46. Qf5+ Kh6 47. h5 Qg1+ 48. Kc2 Qg7 49. e7 e4 50. Qf4+ 1-0

[Event "SVK ECo-C Extraliga 2018-19"]
[Site "Slovakia"]
[Date "2019.04.14"]
[Round "11.4"]
[White "Druska, Juraj"]
[Black "Bokros, Albert"]
[Result "1/2-1/2"]
[WhiteElo "2455"]
[BlackElo "2466"]
[Annotator "TA"]
[PlyCount "46"]
[EventDate "2018.11.10"]
[EventType "team-tourn"]
[EventCountry "SVK"]
[SourceTitle "playchess.com"]
[Source "ChessBase"]
[SourceQuality "1"]
[WhiteTeam "Prakovce"]
[BlackTeam "Streda"]

1. e4 c5 2. Nf3 e6 3. d4 cxd4 4. Nxd4 Nf6 5. Nc3 Nc6 6. Ndb5 d6 7. Bf4 e5 8. Bg5 a6 9. Na3 b5 10. Nd5 Be7 11. Bxf6 Bxf6 12. c3 Bg5 13. Nc2 Rb8 14. Be2 O-O 15. O-O Kh8 16. Bg4 Bb7 17. Ncb4 Nxb4 18. cxb4 g6 19. a4 bxa4 20. Rxa4 Bc6 21. Be2 Bxa4 22. Qxa4 f5 23. exf5 Rxf5 1/2-1/2